Экструдируемые антифрикционные композиты на основе полиэфирэфиркетона для аддитивных технологий производства; Химия и химическая технология в XXI веке

Detalles Bibliográficos
Parent link:Химия и химическая технология в XXI веке.— 2018.— [С. 536-537]
Corporate Authors: Национальный исследовательский Томский политехнический университет Инженерная школа новых производственных технологий Отделение материаловедения, Национальный исследовательский Томский политехнический университет (ТПУ) Институт физики высоких технологий (ИФВТ) Кафедра материаловедения и технологии металлов (МТМ) Научно-образовательный центр "Современные производственные технологии" (НОЦ СПТ)
Outros autores: Панин С. В. Сергей Викторович (научный руководитель), Нгуен Дык Ань, Корниенко Л. А., Алексенко В. О. Владислав Олегович, Буслович Д. Дмитрий, Донцов Ю. В. Юрий Владимирович
Summary:Заглавие с экрана
Idioma:ruso
Publicado: 2018
Series:Химическая технология полимерных материалов
Subjects:
Acceso en liña:http://earchive.tpu.ru/handle/11683/49966
Formato: MixedMaterials Electrónico Capítulo de libro
KOHA link:https://koha.lib.tpu.ru/cgi-bin/koha/opac-detail.pl?biblionumber=627102

MARC

LEADER 00000naa2a2200000 4500
001 627102
005 20231221154618.0
035 |a (RuTPU)RU\TPU\conf\26801 
035 |a RU\TPU\conf\26771 
090 |a 627102 
100 |a 20180815d2018 k y0rusy50 ca 
101 0 |a rus 
102 |a RU 
105 |a y z 101zy 
135 |a drgn ---uucaa 
181 0 |a i  
182 0 |a b 
200 1 |a Экструдируемые антифрикционные композиты на основе полиэфирэфиркетона для аддитивных технологий производства  |f С. В. Панин [и др.]  |g науч. рук. С. В. Панин 
203 |a Текст  |c электронный 
225 1 |a Химическая технология полимерных материалов 
300 |a Заглавие с экрана 
320 |a [Библиогр.: с. 537 (3 назв.)] 
463 0 |0 (RuTPU)RU\TPU\conf\26227  |t Химия и химическая технология в XXI веке  |o материалы XIX Международной научно-практической конференции студентов и молодых ученых имени профессора Л. П. Кулёва, 21-24 мая 2018 г., г. Томск  |f Национальный исследовательский Томский политехнический университет  |v [С. 536-537]  |d 2018 
610 1 |a электронный ресурс 
610 1 |a труды учёных ТПУ 
610 1 |a антифрикционные композиты 
610 1 |a полиэфирэфиркетон 
610 1 |a аддитивные технологии 
610 1 |a термопластики 
610 1 |a механические характеристики 
610 1 |a триботехнические характеристики 
610 1 |a износостойкость 
701 1 |a Панин  |b С. В.  |c специалист в области материаловедения  |c профессор Томского политехнического университета, доктор технических наук  |f 1971-  |g Сергей Викторович  |3 (RuTPU)RU\TPU\pers\26548  |9 12237 
701 0 |a Нгуен Дык Ань  |c вьетнамский специалист в области материаловедения  |c ассистент Томского политехнического университета  |f 1986-  |3 (RuTPU)RU\TPU\pers\39933 
701 1 |a Корниенко  |b Л. А. 
701 1 |a Алексенко  |b В. О.  |c специалист в области материаловедения  |c инженер Томского политехнического университета  |f 1991-  |g Владислав Олегович  |3 (RuTPU)RU\TPU\pers\32246 
701 1 |a Буслович  |b Д.  |c специалист в области материаловедения  |c ассистент Томского политехнического университета  |f 1993-  |g Дмитрий  |3 (RuTPU)RU\TPU\pers\39699 
701 1 |a Донцов  |b Ю. В.  |c специалист в области материаловедения  |c инженер Томского политехнического университета  |f 1982-  |g Юрий Владимирович  |3 (RuTPU)RU\TPU\pers\36633 
702 1 |a Панин  |b С. В.  |c специалист в области материаловедения  |c профессор Томского политехнического университета, доктор технических наук  |f 1971-  |g Сергей Викторович  |4 727 
712 0 2 |a Национальный исследовательский Томский политехнический университет  |b Инженерная школа новых производственных технологий  |b Отделение материаловедения  |3 (RuTPU)RU\TPU\col\23508 
712 0 2 |a Национальный исследовательский Томский политехнический университет (ТПУ)  |b Институт физики высоких технологий (ИФВТ)  |b Кафедра материаловедения и технологии металлов (МТМ)  |b Научно-образовательный центр "Современные производственные технологии" (НОЦ СПТ)  |3 (RuTPU)RU\TPU\col\22917 
801 2 |a RU  |b 63413507  |c 20180821  |g RCR 
856 4 |u http://earchive.tpu.ru/handle/11683/49966 
942 |c BK